zpět

Detail výsledku týmu

Restaurace Tunel, Plzeň

Datum a čas kvízu

29 Celkem bodů Celkový počet nahraných bodů na tomto kvízu bez doplňovacích otázek.
6. Pořadí na kvízu Konečné umístění týmu na tomto kvízu.

Zaznamenané odpovědi

# Otázka Odpověď Body Výsledky
1. Ve středu se uskutečnilo letoš... Jablonec nad Nisou 0
2. Farmáři z australského Nového... borůvka 1
3. Organizace UNESCO přidala na s... v Berlíně 1
4. Některé provozovny jistého řet... McDonald's 1
5. Český útočník Patrik Schick se... Karabach 1
6. Téma začneme v Evropě. Seřaďte... 1B 2C 3A 4D 0
7. V čele kterého ostrovního stát... Kuba 0
8. Které z těchto zvířat nežije p... A 1
9. Kolik ostrovních států se nach... jeden 1
10. Jak se jmenuje ostrovní stát,... Tonga 0